<?xml version="1.0" encoding="UTF-8"?>
<record
    xmlns:xsi="http://www.w3.org/2001/XMLSchema-instance"
    xsi:schemaLocation="http://www.loc.gov/MARC21/slim http://www.loc.gov/standards/marcxml/schema/MARC21slim.xsd"
    xmlns="http://www.loc.gov/MARC21/slim">

  <leader>02748nam a2200289 a 4500</leader>
  <controlfield tag="003">OSt</controlfield>
  <controlfield tag="005">20240905143238.0</controlfield>
  <controlfield tag="007">cr ||||||a|c|a</controlfield>
  <controlfield tag="008">230517s2019    mx d|||fom||| 001 0 sp  d</controlfield>
  <datafield tag="040" ind1=" " ind2=" ">
    <subfield code="e">rda</subfield>
  </datafield>
  <datafield tag="100" ind1="1" ind2=" ">
    <subfield code="9">187062</subfield>
    <subfield code="a">Flores Cruz, Nisaguie Abril</subfield>
  </datafield>
  <datafield tag="245" ind1="1" ind2="4">
    <subfield code="a">Las mujeres Binniz&#xE1; de Gui'Xhi'Ro', Juchit&#xE1;n:</subfield>
    <subfield code="b">defensa de territorio y soberan&#xED;a alimentaria /</subfield>
    <subfield code="c">Nisaguie Abril Flores Cruz; director de tesis C&#xE9;sar Adr&#xED;an Ram&#xED;rez Miranda.</subfield>
  </datafield>
  <datafield tag="264" ind1=" " ind2="1">
    <subfield code="a">Chapingo, M&#xE9;xico :</subfield>
    <subfield code="b">El autor,</subfield>
    <subfield code="c">2019.</subfield>
  </datafield>
  <datafield tag="300" ind1=" " ind2=" ">
    <subfield code="a">1 recurso en l&#xED;nea (114 p&#xE1;ginas):</subfield>
    <subfield code="b">mapas, imagenes y graficas.</subfield>
  </datafield>
  <datafield tag="336" ind1=" " ind2=" ">
    <subfield code="2">rdacontent</subfield>
    <subfield code="a">texto</subfield>
    <subfield code="b">txt</subfield>
  </datafield>
  <datafield tag="337" ind1=" " ind2=" ">
    <subfield code="2">rdamedia</subfield>
    <subfield code="a">computadora</subfield>
    <subfield code="b">c</subfield>
  </datafield>
  <datafield tag="338" ind1=" " ind2=" ">
    <subfield code="2">rdacarrier</subfield>
    <subfield code="a">recurso en l&#xED;nea</subfield>
    <subfield code="b">cr</subfield>
  </datafield>
  <datafield tag="502" ind1=" " ind2=" ">
    <subfield code="b">MCDRR</subfield>
    <subfield code="c">Centros Regionales</subfield>
    <subfield code="d">2019.</subfield>
    <subfield code="g">MAE</subfield>
  </datafield>
  <datafield tag="504" ind1=" " ind2=" ">
    <subfield code="a">Incluye referencias bibliogr&#xE1;ficas: p&#xE1;ginas 100-104.
</subfield>
  </datafield>
  <datafield tag="520" ind1=" " ind2=" ">
    <subfield code="a">Esta investigaci&#xF3;n tiene como finalidad estudiar la participaci&#xF3;n de las mujeres binniz&#xE1; de la comunidad de &#xC1;lvaro Obreg&#xF3;n, aspecto clave en los procesos de defensa del territorio y la alimentaci&#xF3;n. En el primer cap&#xED;tulo se describi&#xF3; el contexto hist&#xF3;rico de la regi&#xF3;n del Istmo de Tehuantepec para entender sus condiciones sociales, pol&#xED;ticas y econ&#xF3;micas, que lo posicionan como zona de generaci&#xF3;n de energ&#xED;a y nodo de tr&#xE1;nsito de mercanc&#xED;as para el comercio global. En contraste, el caso emblem&#xE1;tico de la comunidad zapoteca de &#xC1;lvaro Obreg&#xF3;n se vuelve una victoria regional, al enfrentar a uno de los proyectos e&#xF3;licos que pretend&#xED;an imponerse, defendiendo colectivamente el territorio com&#xFA;n de los pueblos mare&#xF1;os, as&#xED; como sus formas de organizaci&#xF3;n, alimentaci&#xF3;n y tradiciones. Entender los contextos locales permite visibilizar la participaci&#xF3;n de las mujeres y reconocer que son indispensables para los procesos organizativos. En el segundo cap&#xED;tulo se hace una discusi&#xF3;n te&#xF3;rica de territorio y c&#xF3;mo lo entienden las comunidades ind&#xED;genas de Oaxaca desde la comunalidad, y la soberan&#xED;a alimentaria desde una perspectiva feminista. El &#xFA;ltimo cap&#xED;tulo son los resultados del trabajo de campo que se realiz&#xF3; con grupos de mujeres organizadas que produjeron su propio biofertilizante y lo aplicaron en huertos colectivos con la finalidad de promover otras formas de producci&#xF3;n de alimentos que fortalezcan la alimentaci&#xF3;n local.</subfield>
  </datafield>
  <datafield tag="650" ind1=" " ind2="4">
    <subfield code="9">131483</subfield>
    <subfield code="a">Mujeres en el desarrollo sustentable</subfield>
  </datafield>
  <datafield tag="650" ind1=" " ind2="4">
    <subfield code="9">186302</subfield>
    <subfield code="a">Soberan&#xED;a alimentaria</subfield>
    <subfield code="x">Aspectos econ&#xF3;micos</subfield>
  </datafield>
  <datafield tag="650" ind1=" " ind2="4">
    <subfield code="9">31973</subfield>
    <subfield code="a">Desarrollo de la comunidad</subfield>
    <subfield code="x">Oaxaca</subfield>
  </datafield>
  <datafield tag="700" ind1="1" ind2=" ">
    <subfield code="9">94152</subfield>
    <subfield code="a">Ram&#xED;rez Miranda, C&#xE9;sar Adri&#xE1;n</subfield>
    <subfield code="e">Director de tesis. </subfield>
  </datafield>
  <datafield tag="856" ind1=" " ind2=" ">
    <subfield code="u">http://10.13.5.2/tesis/tm/Flores_Cruz_Nisaguie_Abril.pdf</subfield>
    <subfield code="z">DESCARGAR PDF</subfield>
  </datafield>
  <datafield tag="942" ind1=" " ind2=" ">
    <subfield code="2">Clasificaci&#xF3;n Universidad Aut&#xF3;noma Chapingo</subfield>
    <subfield code="c">TD</subfield>
  </datafield>
  <datafield tag="999" ind1=" " ind2=" ">
    <subfield code="c">218772</subfield>
    <subfield code="d">218772</subfield>
  </datafield>
  <datafield tag="952" ind1=" " ind2=" ">
    <subfield code="0">0</subfield>
    <subfield code="1">0</subfield>
    <subfield code="2">local</subfield>
    <subfield code="4">0</subfield>
    <subfield code="5">1</subfield>
    <subfield code="7">0</subfield>
    <subfield code="8">TesDigM</subfield>
    <subfield code="a">BD</subfield>
    <subfield code="b">BD</subfield>
    <subfield code="c">E_L</subfield>
    <subfield code="d">2023-05-17</subfield>
    <subfield code="l">0</subfield>
    <subfield code="o">Tesis digital</subfield>
    <subfield code="r">2023-05-17 00:00:00</subfield>
    <subfield code="w">2023-05-17</subfield>
    <subfield code="y">TD</subfield>
  </datafield>
</record>
